| 000 | 01305cam a22003135a 4500 | ||
|---|---|---|---|
| 001 | 008730421 | ||
| 005 | 20180402121237.0 | ||
| 008 | 861118s1986 nyua frb 101 0 eng d | ||
| 020 | _a0275920895 | ||
| 040 |
_aUk _cUk _beng _dEG-ScBUE |
||
| 043 |
_an-us--- _aa-ja--- |
||
| 082 | 0 | 4 |
_a370.952 _222 _bEDU |
| 245 | 0 | 0 |
_aEducational policies in crisis : _bJapanese and American perspectives / _cedited by William K. Cummings ... [et al.] |
| 260 |
_aNew York : _bPraeger Spcial Studies / Praeger Scientific, _c1986. |
||
| 300 |
_axiii, 308 p. : _bill. ; _c24 cm. |
||
| 490 | 0 | _aThe Praeger special studies series in comparative education | |
| 500 | _aLargely based on papers presented at a conference held at the East-West Center, University of Hawaii at Manoa, in Aug. 3 1984. | ||
| 504 | _aIncludes bibliographical references and index. | ||
| 541 | _aDonation from Japan Foundation. | ||
| 650 | 7 |
_aEducation _zUnited States _xCongresses. _2BUEsh |
|
| 650 | 7 |
_aEducation _zJapan _xCongresses. _2BUEsh |
|
| 650 | 7 |
_aEducation and state _zUnited States _xCongresses. _2BUEsh |
|
| 650 | 7 |
_aEducation and state _zJapan _xCongresses. _2BUEsh |
|
| 650 | 7 |
_aComparative education _xCongresses. _2BUEsh |
|
| 651 | _2BUEsh | ||
| 653 |
_bGGEN _cApril2018 |
||
| 700 | 1 |
_aCummings, William K., _eeditor. |
|
| 942 | _2ddc | ||
| 999 |
_c26453 _d26425 |
||